Communication inegale (La)-Heurs et malheurs de l'interaction verbale (Record n. 87901)

Dettagli MARC
000 -LEADER
fixed length control field 01054nam a2200313Ia 4500
001 - CONTROL NUMBER
control field A0078
003 - CONTROL NUMBER IDENTIFIER
control field IT-RoPAU
008 - FIXED-LENGTH DATA ELEMENTS--GENERAL INFORMATION
fixed length control field 130308s9999 xx 000 0 und d
040 ## - CATALOGING SOURCE
Original cataloging agency IT-RoPAU
040 ## - CATALOGING SOURCE
Transcribing agency IT-RoPAU
041 ## - LANGUAGE CODE
Language code of text/sound track or separate title FRANCESE
100 ## - MAIN ENTRY--PERSONAL NAME
Personal name Francois Frederic
100 ## - MAIN ENTRY--PERSONAL NAME
Miscellaneous information Codice Aut. SPICS: 6466
245 ## - TITLE STATEMENT
Title Communication inegale (La)-Heurs et malheurs de l'interaction verbale
245 ## - TITLE STATEMENT
Remainder of title Communication Inegale (La)-Heurs et Malheurs de L'Interaction Verbale
250 ## - EDITION STATEMENT
Edition statement 1a ed.
260 ## - PUBLICATION, DISTRIBUTION, ETC. (IMPRINT)
Place of publication, distribution, etc. NEUCHATEL
260 ## - PUBLICATION, DISTRIBUTION, ETC. (IMPRINT)
Name of publisher, distributor, etc. Delachaux & Niestle'
260 ## - PUBLICATION, DISTRIBUTION, ETC. (IMPRINT)
Date of publication, distribution, etc. 1990 [1° Ed.:1990 - Ed.Ling.Originale:1990]
300 ## - PHYSICAL DESCRIPTION
Extent "280 p. (prefazione: no ; testo: 280 [pagine: 0-0])"
500 ## - GENERAL NOTE
General note Comunicazione Ineguale. fortune e sfortune dell'Interazione Verbale. contributi di Autori Vari. Effetti di Questa Ineguaglianza nelle Diverse Situazioni.
650 ## - SUBJECT ADDED ENTRY--TOPICAL TERM
Topical term or geographic name as entry element SAGGI DI LINGUISTICA
650 ## - SUBJECT ADDED ENTRY--TOPICAL TERM
Relator term Codice materia Spics: 3207
700 ## - ADDED ENTRY--PERSONAL NAME
Personal name AA.VV.
700 ## - ADDED ENTRY--PERSONAL NAME
Miscellaneous information Codice Aut. SPICS: 12000
942 ## - ADDED ENTRY ELEMENTS (KOHA)
Koha item type LIBRO
957 ## -
-- 1
999 ## - SYSTEM CONTROL NUMBERS (KOHA)
-- 1
Dati di copia
Withdrawn status Lost status Damaged status Not for loan Home library Current library Date acquired Total Checkouts Full call number Date last seen Price effective from Koha item type Public note
    Buone Condizioni Not For Loan SPICS-MEDIATECA SPICS-MEDIATECA 08/03/2013   A0078 08/03/2013 08/03/2013 LIBRO Progressivo inserimento: 3339 / N. Volumi: 1 Copie: 1 / data import: 1 marzo 2013 - By Epidotti, Trombetti, Vaglietti.
CREDITS: SOCIETA' SAN PAOLO Via A.Severo, 58 - ROMA (RM) & PERIODICI SAN PAOLO SRL Via Giotto, 36 MILANO & CISF Via Giotto, 36 MILANO & EDIZIONI SAN PAOLO SRL,  Piazza Soncino, 5 CINISELLO BALSAMO (MI) -- ITALY